Estudios de filosofía del derecho y ciencia jurídica: en memoria y homenaje al catedrático Don Luis Legaz y Lacambra: 1906-1980

שמור ב:
מידע ביבליוגרפי
Main Authors: Iturmendi Morales, José (Author), Lima Torrado, Jesús (Author)
פורמט: ספר
שפה:ספרדית
אנגלית
צרפתית
גרמנית
איטלקית
יצא לאור: Madrid Universidad Complutense, Facultad de Derecho, Centro de Estudios Constitucionales 1983
נושאים:
תגים: הוספת תג
אין תגיות, היה/י הראשונ/ה לתייג את הרשומה!

MARC

LEADER 00000nam a2200000 a 4500
001 UCV2657
003 CL-VaPUC
008 921013e19830000SP |||||||||||||||||spa|d
041 0 7 |a spa  |2 CL-VaPUC 
041 0 7 |a eng  |2 CL-VaPUC 
041 0 7 |a fre  |2 CL-VaPUC 
041 0 7 |a ger  |2 CL-VaPUC 
041 0 7 |a ita  |2 CL-VaPUC 
082 0 4 |a 340.12  |b ITU  |2 21 
100 |a Iturmendi Morales, José  |e author  |9 423436 
700 0 |a Lima Torrado, Jesús  |e author  |9 296924 
245 1 0 |a Estudios de filosofía del derecho y ciencia jurídica: en memoria y homenaje al catedrático Don Luis Legaz y Lacambra: 1906-1980 
300 |a 2 v 
942 |c BK 
945 |d 19921013 00:00:00 
260 |a Madrid  |b Universidad Complutense, Facultad de Derecho, Centro de Estudios Constitucionales  |c 1983 
500 |a v.1 p.19-29: Trabajos del Profesor Legaz y Lacambra 
650 0 |a Filosofía del derecho   |9 255050 
650 7 |a DERECHO  |2 CL-VaPUC  |9 296925 
650 0 |a Filosofía   |9 223554 
650 0 |a Filosofía moderna  |9 258121 
650 7 |a FILOSOFIA POLITICA  |2 CL-VaPUC  |9 296926 
583 |a last modification  |c 20170418 12:36:01  |k Rodrigo Vera 
999 |c 210165  |d 210163 
952 |0 0  |1 0  |4 0  |6 340_120000000000000_ITU_1983  |7 0  |8 DER_TF  |9 186211  |a BIBDER  |b BIBDER  |d 2019-11-14  |h v.1  |i 2536900  |l 1  |o 340.12 ITU 1983  |p 2536900  |r 2023-01-25  |s 2022-07-11  |w 2019-11-14  |x Ubicación 4to Piso  |y BK  |z Estos recursos deben solicitarse con anticipación  |k DER 
952 |0 0  |1 0  |4 0  |6 340_120000000000000_ITU_1983  |7 0  |8 DER_TF  |9 186212  |a BIBDER  |b BIBDER  |d 2019-11-14  |h v.2  |i 2536919  |l 1  |o 340.12 ITU 1983  |p 2536919  |r 2023-01-25  |s 2022-07-11  |w 2019-11-14  |x Ubicación 4to Piso  |y BK  |z Estos recursos deben solicitarse con anticipación  |k DER 
952 |0 0  |1 0  |4 0  |6 340_120000000000000_ITU_1983  |7 0  |8 A  |9 186213  |a BIBDER  |b BIBDER  |d 2019-11-14  |h v.1  |i 1887106  |o 340.12 ITU 1983  |p 1887106  |r 2023-01-25  |w 2019-11-14  |y BK  |k DER